000
00231nam a2200109Ia 4500
008
240625s9999 xx 000 0 und d
041
_a
eng
100
_a
NEHRU JAWAHARLAL
245
_a
BHARAT EK KHOJ
260
_c
2010
440
_v
9
999
_c
34666
_d
34666